Statistics for Ballon d'Or Winners Quiz

Click here to take the quiz!

General Stats

  • This quiz has been taken 83,824 times
    (6,243 since last reset)
  • The average score is 20 of 43

Answer Stats

Player % Correct
Cristiano Ronaldo
100%
Lionel Messi
100%
Ronaldo
99%
Luka Modrić
89%
Neymar
78%
Virgil van Dijk
77%
Ronaldinho
77%
Zinedine Zidane
72%
Kaká
71%
Andrés Iniesta
69%
Xavi
67%
Thierry Henry
57%
Manuel Neuer
56%
Fabio Cannavaro
54%
David Beckham
50%
Franck Ribéry
49%
Antoine Griezmann
49%
Michael Owen
48%
Steven Gerrard
47%
Rivaldo
47%
Frank Lampard
46%
Gianluigi Buffon
43%
Luís Figo
43%
Paolo Maldini
41%
Oliver Kahn
40%
Andriy Shevchenko
38%
Pavel Nedvěd
36%
Marco van Basten
33%
Fernando Torres
31%
Roberto Carlos
31%
George Weah
30%
Raúl
30%
Roberto Baggio
30%
Dennis Bergkamp
26%
Alan Shearer
23%
Hristo Stoichkov
20%
Eric Cantona
18%
Deco
18%
Davor Šuker
15%
Matthias Sammer
14%
Jürgen Klinsmann
13%
Jari Litmanen
12%
Predrag Mijatović
7%

Score Distribution

Percentile by Number Answered

Percent of People with Each Score

Your Score History

You have not taken this quiz since the last reset